Lửa Tây Bắc Tiểu thuyết

Wedi'i Gadw mewn:
Manylion Llyfryddiaeth
Prif Awdur: Huỳnh, Nguyên
Fformat: Llyfr
Iaith:Undetermined
Cyhoeddwyd: H. Hội nhà văn 2019
Pynciau:
Mynediad Ar-lein:http://lrc.tdmu.edu.vn/opac/search/detail.asp?aID=2&ID=41123
Tagiau: Ychwanegu Tag
Dim Tagiau, Byddwch y cyntaf i dagio'r cofnod hwn!
Thư viện lưu trữ: Trung tâm Học liệu Trường Đại học Thủ Dầu Một
LEADER 00696nam a2200205Ia 4500
001 TDMU_41123
008 210410s9999 xx 000 0 und d
082 |a 895.92214 
090 |b H531 
100 |a Huỳnh, Nguyên 
245 0 |a Lửa Tây Bắc 
245 0 |b Tiểu thuyết 
245 0 |c Huỳnh Nguyên 
260 |a H. 
260 |b Hội nhà văn 
260 |c 2019 
300 |a 575 tr 
650 |a Văn học hiện đại  |x Văn học Việt Nam  |v Tiểu thuyết; Tiểu thuyết  |x Văn học  |z Việt Nam 
856 |u http://lrc.tdmu.edu.vn/opac/search/detail.asp?aID=2&ID=41123 
980 |a Trung tâm Học liệu Trường Đại học Thủ Dầu Một